000 00535nam a2200217Ia 4500
003 OSt
005 20220918184906.0
006 a|||||r|||| 00| 0
007 ta
008 220917b |||||||| |||| 00| 0 eng d
024 _a48,660
037 _cTextual
040 _aARTS
_cARTS
_beng
041 _2eng
_aeng
082 _aO495:3x, 111L0
245 0 _aModern Korean short stories and plays
260 _c1970
650 _aENGLISH LITERATURE
942 _hO495:3x, 111L0
_cTEXL
_2CC
999 _c178286
_d178286